NBA Head Coaches 2026 - Statistics

General Stats
  • This quiz has been taken 103 times
  • The average score is 20 of 30
Answer Stats
Since Team Answer % Correct
2024 Milwaukee Bucks Doc Rivers
95%
2021 Dallas Mavericks Jason Kidd
95%
2024 LA Lakers JJ Redick
94%
2014 Golden State Warriors Steve Kerr
94%
2008 Miami Heat Erik Spoelstra
90%
2020 LA Clippers Tyronn Lue
87%
2023 Boston Celtics Joe Mazzulla
85%
2025 New York Knicks Mike Brown
84%
2023 Atlanta Hawks Quin Snyder
78%
2023 Houston Rockets Ime Udoka
77%
2024 Detroit Pistons J.B. Bickerstaff
77%
2023 Philadelphia 76ers Nick Nurse
77%
2021 Portland Trailblazers Chauncey Billups
76%
2021 Indiana Pacers Rick Carlisle
76%
2020 Chicago Bulls Billy Donovan
73%
2024 Cleveland Cavaliers Kenny Atkinson
67%
2020 Oklahoma City Thunder Mark Daigneault
62%
2021 Minnesota Timberwolves Chris Finch
61%
2025 San Antonio Spurs Mitchell Johnson
61%
2024 Brooklyn Nets Jordi Fernandez
56%
2025 Denver Nuggets David Adelman
53%
2024 Charlotte Hornets Charles Lee
51%
2021 New Orleans Pelicans Willie Green
51%
2025 Sacramento Kings Doug Christie
47%
2021 Orlando Magic Jamahl Mosley
47%
2022 Utah Jazz Will Hardy
42%
2025 Phoenix Suns Jordan Ott
39%
2023 Toronto Raptors Darko Rajakovic
28%
2024 Washington Wizards Brian Keefe
27%
2025 Memphis Grizzlies Tuomas Iisalo
24%
No matching quizzes found
Score Distribution
Percent of People with Each Score
Percentile by Number Answered
Your Score History
You have not taken this quiz